00579 2200241 4500001002100000008004100021035002000062245004300082100002000125250001900145260003400164300002100198020002200219084001400241082000800255650002000263990000900283990000900292990000900301990000900310990000900319990000900328INLIS000000000000752 ind  a0010-0425000752 aMemilih Jajanan SehatcLita Juliantini aLita Juliantini acetakan Kelima aDepok :bCV. Arya Duta,c2021 a108 hlm.c25 cm. a978-979-094-393-3 a613 LIT m a613 aLita Juliantini a2123 a2124 a2125 a2225 a2226 a2227